Statistics for Word Chain - World Capitals

Click here to take the quiz!

General Stats

  • This quiz has been taken 47 times
  • The average score is 11 of 24

Answer Stats

% guessingcapital% Correct
82Athens
68%
69Seoul
68%
71Stockholm
61%
89London
58%
50Islamabad
55%
78Oslo
55%
23Kampala
53%
68Monaco
53%
83Moscow
45%
15Nuku'alofa
45%
23Ouagadougou
45%
38Rabat
45%
38Tripoli
45%
42Ulaanbaatar
45%
77Amsterdam
42%
22Ashgabat
42%
61Havana
42%
42Riyadh
42%
40Amman
39%
59Tehran
37%
25Antananarivo
34%
13Ngerulmud
34%
32Dakar
29%
40Nicosia
24%

Score Distribution

Percentile by Number Answered

Percent of People with Each Score

Your Score History

You have not taken this quiz